[Event "Salon de Provence op"]
[Site "Salon de Provence"]
[Date "2023.07.13"]
[Round "8.7"]
[White "Scamaroni, Jean Paul"]
[Black "Roganova, Jeremy"]
[Result "0-1"]
[WhiteElo "1487"]
[BlackElo "1243"]
[PlyCount "68"]
[EventDate "2023.07.08"]
[EventType "swiss"]
[EventRounds "9"]
[EventCountry "FRA"]
[SourceTitle "EXT 2024"]
[Source "ChessBase"]
[SourceDate "2023.10.10"]
[SourceVersion "1"]
[SourceVersionDate "2023.10.10"]
[SourceQuality "1"]

1. d4 Nf6 2. c4 g6 3. Nc3 Bg7 4. e4 d6 5. f4 0-0 6. Nf3 c5 7. d5 e6 8. Be2 exd5 9. cxd5 Bg4 10. 0-0 Re8 11. h3 Bxf3 12. Bxf3 Nbd7 13. Qc2 a6 14. a4 Rb8 15. Re1 b5 16. axb5 axb5 17. Bd2 Qc7 18. Nd1 b4 19. Ra6 Nb6 20. Bxb4 Nbxd5 21. exd5 Rxb4 22. Rxe8+ Nxe8 23. Qe2 Nf6 24. g4 Rxf4 25. g5 Nd7 26. Ra8+ Nf8 27. Re8 Qd7 28. Bg4 Qb7 29. Qd2 Bd4+ 30. Kh2 Be5 31. Kg1 Bd4+ 32. Kh2 Be5 33. Kg1 Qb5 34. Rc8 Qf1+ 0-1

[Event "Salon de Provence op"]
[Site "Salon de Provence"]
[Date "2023.07.11"]
[Round "6.6"]
[White "Roganova, Jeremy"]
[Black "Colandrea, Sauveur"]
[Result "1/2-1/2"]
[WhiteElo "1243"]
[BlackElo "1540"]
[PlyCount "54"]
[EventDate "2023.07.08"]
[EventType "swiss"]
[EventRounds "9"]
[EventCountry "FRA"]
[SourceTitle "EXT 2024"]
[Source "ChessBase"]
[SourceDate "2023.10.10"]
[SourceVersion "1"]
[SourceVersionDate "2023.10.10"]
[SourceQuality "1"]

1. e4 e5 2. Nf3 d6 3. Bc4 Nf6 4. Nc3 Be7 5. 0-0 0-0 6. d4 Nbd7 7. Bg5 c6 8. dxe5 dxe5 9. Qe2 Qc7 10. Rfd1 b5 11. Bb3 Nc5 12. h3 Be6 13. Bxe6 Nxe6 14. Bxf6 Bxf6 15. Rd2 Nf4 16. Qe3 Rfd8 17. Rad1 Rxd2 18. Rxd2 Rd8 19. Rxd8+ Bxd8 20. Qc5 Ng6 21. h4 Be7 22. Nxb5 Qd7 23. Qxa7 Qd1+ 24. Kh2 cxb5 25. h5 Qc1 26. hxg6 Qh6+ 27. Kg1 Qc1+ 1/2-1/2

[Event "Salon de Provence op 12th"]
[Site "Salon de Provence"]
[Date "2022.07.12"]
[Round "6"]
[White "Roganova, Jeremy"]
[Black "Frailinu, Jean Bernard"]
[Result "0-1"]
[WhiteElo "1191"]
[BlackElo "1349"]
[PlyCount "138"]
[EventDate "2022.07.09"]
[EventType "swiss"]
[EventRounds "9"]
[EventCountry "FRA"]
[SourceTitle "CBM 209 Extra"]
[Source "ChessBase"]
[SourceDate "2022.09.30"]
[SourceVersion "1"]
[SourceVersionDate "2022.09.30"]
[SourceQuality "1"]

1. e4 e6 2. d4 d5 3. e5 c5 4. c3 Nc6 5. Nf3 Nge7 6. Bd3 Qb6 7. 0-0 Bd7 8. Bc2 a5 9. a4 cxd4 10. cxd4 Nb4 11. Nc3 Nxc2 12. Qxc2 Nc6 13. Nb5 Rc8 14. Qd3 Nb4 15. Qe2 Bxb5 16. Qxb5+ Qxb5 17. axb5 b6 18. Bd2 Be7 19. Bxb4 Bxb4 20. Rfd1 0-0 21. Ne1 Rc4 22. Rac1 Rfc8 23. Rxc4 Rc7 24. Rc5 Rxc5 25. Kf1 Rc4 26. Ke2 g6 27. Ke3 Kg7 28. f4 Be7 29. Nd3 Rb4 30. Kd2 Rxb5 31. Rc1 a4 32. Ra1 Ra5 33. Kc3 b5 34. Nb4 Ra8 35. Nc2 Rc8+ 36. Kd3 h6 37. g4 f5 38. h3 Bh4 39. Nb4 Rc4 40. Nc2 Bg3 41. Rf1 Rc7 42. Rf3 Bh4 43. Na3 Rb7 44. Rf1 Be7 45. Kc3 b4+ 46. Kc2 bxa3 47. bxa3 Rb3 48. Ra1 Rxh3 49. gxf5 gxf5 50. Rg1+ Kf7 51. Rb1 Rxa3 52. Rh1 Kg7 53. Rg1+ Kh7 54. Rb1 Rb3 55. Ra1 Rb7 56. Rxa4 Rc7+ 57. Kd2 Bh4 58. Ra1 Bg3 59. Rf1 h5 60. Ke2 h4 61. Kf3 Rc3+ 62. Kg2 Rd3 63. Rc1 Rxd4 64. Rc7+ Kg6 65. Rc8 Rxf4 66. Rg8+ Kf7 67. Rh8 Re4 68. Rh7+ Ke8 69. Rh8+ Kd7 0-1